Les 25 plus gros succès au cinéma en France (mise à jour au 04/04/23) - Statistiques

Statistiques générales
  • Ce quiz a été pris 2 895 fois
    1 421 depuis la dernière actualisation
  • Le résultat moyen est 8 sur 25
Statistiques - réponses
Année Film % Correct
1997 Drame, romance Titanic
82%
2008 * Comédie Bienvenue chez les Ch'tis
76%
2011 * Comédie Intouchables
70%
2009 Science fiction Avatar
66%
1938 Animation Blanche Neige et les sept nains
60%
1966 * Comédie La grande vadrouille
51%
2014 * Comédie Qu'est-ce qu'on a fait au Bon Dieu ?
40%
1950 Animation Cendrillon
39%
2022 Science Fiction Avatar: la voie de l'eau
38%
1994 Animation Le roi lion
37%
1993 * Comédie Les visiteurs
32%
2002 * Comédie Astérix et Obélix : Mission Cléopâtre
31%
1960 Péplum Ben-Hur
31%
1969 Western Il était une fois dans l'Ouest
28%
1939 Drame, romance Autant en emporte le vent
21%
1965 * Comédie Le corniaud
20%
1968 Animation Le livre de la jungle
15%
1961 Animation Les 101 dalmatiens
15%
1971 Animation Les Aristochats
15%
1962 Guerre Le jour le plus long
14%
1955 Animation La Belle et le Clochard
12%
1956 Péplum Les dix commandements
11%
1957 Guerre Le Pont de la rivière Kwaï
7%
1952 * Comédie Le Petit Monde de don Camillo
6%
1937 Guerre La Grande Illusion
4%
Aucun quiz correspondant
Distribution des résultats
% des personnes avec chaque résultat
Percentile par nombre de réponses
Votre historique - résultats
Vous n’avez pas pris ce quiz depuis la dernière actualisation